[Event "Aeskulap op 14th"]
[Site "Goerlitz"]
[Date "1997.03.29"]
[Round "7"]
[White "Reimann, Hagen"]
[Black "Lehmann, Karsten"]
[Result "0-1"]
[WhiteElo "1662"]
[BlackElo "1363"]
[PlyCount "38"]
[EventDate "1997.03.26"]
[EventType "swiss"]
[EventRounds "7"]
[EventCountry "GER"]
[SourceTitle "EXT 2009"]
[Source "ChessBase"]
[SourceDate "2008.11.26"]
[SourceVersion "1"]
[SourceVersionDate "2008.11.26"]
[SourceQuality "1"]

1. e4 c5 2. Nf3 e6 3. d4 cxd4 4. Nxd4 a6 5. Nc3 Qc7 6. Bd3 Bc5 7. Be3 b5 8. Bxb5 axb5 9. Ndxb5 Qb6 10. Bxc5 Qxc5 11. Nd6+ Ke7 12. Ncb5 Ba6 13. Qf3 f6 14. Qg3 g6 15. e5 Bxb5 16. exf6+ Nxf6 17. Rd1 Nc6 18. Nxb5 Qxb5 19. Qd6+ Ke8 0-1

[Event "Aeskulap op 14th"]
[Site "Goerlitz"]
[Date "1997.03.27"]
[Round "2"]
[White "Lehmann, Karsten"]
[Black "Worch, Petra"]
[Result "1/2-1/2"]
[WhiteElo "1363"]
[BlackElo "1675"]
[PlyCount "33"]
[EventDate "1997.03.26"]
[EventType "swiss"]
[EventRounds "7"]
[EventCountry "GER"]
[SourceTitle "EXT 2009"]
[Source "ChessBase"]
[SourceDate "2008.11.26"]
[SourceVersion "1"]
[SourceVersionDate "2008.11.26"]
[SourceQuality "1"]

1. c4 d6 2. Nc3 g6 3. g3 Bg7 4. Bg2 Nf6 5. d4 0-0 6. Nf3 Nbd7 7. 0-0 e5 8. Bg5 h6 9. Bxf6 Bxf6 10. e3 Bg7 11. Qd2 f5 12. e4 fxe4 13. Nxe4 exd4 14. Nxd4 Nf6 15. Nxf6+ Qxf6 16. Rad1 a6 17. b3 1/2-1/2

[Event "Aeskulap op 14th"]
[Site "Goerlitz"]
[Date "1997.03.27"]
[Round "3"]
[White "Richter, Maik"]
[Black "Lehmann, Karsten"]
[Result "1-0"]
[WhiteElo "1569"]
[BlackElo "1363"]
[PlyCount "23"]
[EventDate "1997.03.26"]
[EventType "swiss"]
[EventRounds "7"]
[EventCountry "GER"]
[SourceTitle "EXT 2009"]
[Source "ChessBase"]
[SourceDate "2008.11.26"]
[SourceVersion "1"]
[SourceVersionDate "2008.11.26"]
[SourceQuality "1"]

1. e4 e5 2. Nf3 Nc6 3. d4 exd4 4. Nxd4 Nf6 5. Nxc6 bxc6 6. e5 Bb4+ 7. Nd2 Ng4 8. a3 Ba5 9. b4 Qe7 10. Nf3 Bxb4+ 11. axb4 Qxb4+ 12. Bd2 1-0

[Event "Aeskulap op 14th"]
[Site "Goerlitz"]
[Date "1997.03.26"]
[Round "1"]
[White "Kiesslich, Bernd Juergen"]
[Black "Lehmann, Karsten"]
[Result "1-0"]
[WhiteElo "1883"]
[BlackElo "1363"]
[PlyCount "49"]
[EventDate "1997.03.26"]
[EventType "swiss"]
[EventRounds "7"]
[EventCountry "GER"]
[SourceTitle "EXT 2009"]
[Source "ChessBase"]
[SourceDate "2008.11.26"]
[SourceVersion "1"]
[SourceVersionDate "2008.11.26"]
[SourceQuality "1"]

1. d4 Nf6 2. c4 e6 3. Nc3 Bb4 4. Nf3 0-0 5. Bg5 c5 6. d5 exd5 7. cxd5 d6 8. e3 Bf5 9. Bd3 Bxd3 10. Qxd3 Nbd7 11. 0-0 Nb6 12. e4 Re8 13. Nd2 Nbd7 14. f4 a6 15. Rae1 b5 16. Qg3 c4 17. e5 Bxc3 18. bxc3 Qb6+ 19. Kh1 dxe5 20. fxe5 Nxd5 21. Ne4 Qg6 22. Nd6 Re6 23. Qf3 N7b6 24. Nxf7 Rf8 25. Nh6+ 1-0